Highway location reference methods.

Bibliographic Details
Corporate Author: National Research Council (U.S.). Highway Research Board
Format: Book
Language:English
Published: [Washington], [publisher not identified] ; 1974.
Series:Synthesis of highway practice ; 21.
Subjects:

MARC

Tag First Indicator Second Indicator Subfields
LEADER 00000cam a2200000 4500
001 in00000093105
005 20150925085216.0
008 740627s1974 dcua b 00000 eng
010 |a  74003529  
020 |a 0309022045  |c $3.20 
035 |a (OCoLC)00969601 
035 |9 AAL1682AM 
040 |a DLC  |c DLC  |d TXA  |d UtOrBLW 
049 |a TXAM  |c [1230947] 
050 0 0 |a TE228  |b .N3 1974 
082 0 |a 625.7/94 
110 2 |a National Research Council (U.S.).  |b Highway Research Board. 
245 1 0 |a Highway location reference methods. 
264 1 |a [Washington],  |b [publisher not identified] ;  |c 1974. 
300 |a 30 pages :  |b illustrations ;  |c 28 cm. 
336 |a text  |b txt  |2 rdacontent 
337 |a unmediated  |b n  |2 rdamedia 
338 |a volume  |b nc  |2 rdacarrier 
490 1 |a Synthesis of highway practice,  |v 21 
504 |a Bibliography: page 30. 
650 0 |a Traffic signs and signals. 
650 0 |a Road markings. 
650 0 |a Milestones. 
830 0 |a Synthesis of highway practice ;  |v 21. 
999 |a MARS 
999 f f |s 6be934c6-5b22-307b-a167-3e7a9f7e81da  |i faf218bd-e4bf-37a0-9f1a-c8e594cb8dfc  |t 0 
952 f f |p ric  |a Texas A&M University  |b Rellis Campus  |c Joint Library Facility  |d Remote Storage  |t 0  |e TE228 .N3 1974  |h Library of Congress classification  |i unmediated -- volume  |m A14805388882 
998 f f |a TE228 .N3 1974  |t 0  |l Remote Storage